the way of writing for elementary school= (رقم التسجيلة. 150188)
[ عرض عادي ]
| 000 -LEADER | |
|---|---|
| fixed length control field | 00971cas a2200313 a 4500 |
| 008 - FIXED-LENGTH DATA ELEMENTS--GENERAL INFORMATION | |
| fixed length control field | 870716c19869999ja ar 0 0jpnr |
| 010 ## - LIBRARY OF CONGRESS CONTROL NUMBER | |
| LC control number | 87648831 |
| 040 ## - CATALOGING SOURCE | |
| Original cataloging agency | EG-GiCUC |
| Language of cataloging | jap |
| Transcribing agency | EG-GiCUC |
| 041 0# - LANGUAGE CODE | |
| Language code of text/sound track or separate title | jpn |
| Language code of summary or abstract | eng |
| 043 ## - GEOGRAPHIC AREA CODE | |
| Geographic area code | aw----- |
| -- | a-ja--- |
| 050 00 - LIBRARY OF CONGRESS CALL NUMBER | |
| Classification number | DS41 |
| Item number | .N63 |
| 092 ## - LOCALLY ASSIGNED DEWEY CALL NUMBER (OCLC) | |
| Classification number | 370.952 |
| Item number | T3748 |
| Edition number | 21 |
| 099 ## - LOCAL FREE-TEXT CALL NUMBER (OCLC) | |
| Classification number | \\ |
| -- | 370.952 T3748 |
| 245 00 - TITLE STATEMENT | |
| Title | the way of writing for elementary school= |
| Remainder of title | 小学校のための執筆方法 |
| 246 30 - VARYING FORM OF TITLE | |
| Title proper/short title | learning penmaship |
| 246 30 - VARYING FORM OF TITLE | |
| Title proper/short title | 小学校のための執筆方法 |
| 260 ## - PUBLICATION, DISTRIBUTION, ETC. | |
| Place of publication, distribution, etc. | mitsu mura tosho : |
| Name of publisher, distributor, etc. | 1987- |
| 300 ## - PHYSICAL DESCRIPTION | |
| Extent | v. ; |
| Dimensions | 25 cm. |
| 310 ## - CURRENT PUBLICATION FREQUENCY | |
| Current publication frequency | Annual |
| 362 0# - DATES OF PUBLICATION AND/OR SEQUENTIAL DESIGNATION | |
| Dates of publication and/or sequential designation | No. 1 (1987)- |
| 500 ## - GENERAL NOTE | |
| General note | Title from cover. |
| 650 #0 - SUBJECT ADDED ENTRY--TOPICAL TERM | |
| Topical term or geographic name entry element | education |
| General subdivision | Study and teaching |
| Geographic subdivision | Japan |
| Form subdivision | Periodicals. |
| 651 #0 - SUBJECT ADDED ENTRY--GEOGRAPHIC NAME | |
| Geographic name | japan |
| Form subdivision | Periodicals. |
| 710 2# - ADDED ENTRY--CORPORATE NAME | |
| Corporate name or jurisdiction name as entry element | mitsu mura tosho. |
| 905 ## - LOCAL DATA ELEMENT E, LDE (RLIN) | |
| Cataloger | Sozan |
| Reviser | Cat. |
| 905 ## - LOCAL DATA ELEMENT E, LDE (RLIN) | |
| Reviser | Rev. |
| 942 ## - ADDED ENTRY ELEMENTS (KOHA) | |
| Source of classification or shelving scheme | Dewey Decimal Classification |
| Koha item type | Books |
| Source of classification or shelving scheme | Not for loan | Home library | Current library | Date acquired | Full call number | Date last seen | Koha item type |
|---|---|---|---|---|---|---|---|
| Dewey Decimal Classification | المكتبة المركزبة الجديدة - جامعة القاهرة | قاعة الثقاقات الاجنبية - الدور الثالث | 11.02.2024 | 370.952 T3748 | 23.09.2023 | Continuing Resources |